| 000 | 01098nam a2200265Ia 4500 | ||
|---|---|---|---|
| 003 | OSt | ||
| 005 | 20200908155524.0 | ||
| 008 | 191128s2011 ck a gr 000 0 spa d | ||
| 020 | _a9789586441490 | ||
| 040 |
_aCO-JMCR _cCO-JMCR |
||
| 041 | 0 | _aspa | |
| 082 | 0 | 4 |
_a363.509861 / _bC822d _223 |
| 100 | 1 |
_aCoronado Delgado, Sergio, _eautor _94457 |
|
| 245 | 1 | 0 |
_aDerecho a la vivienda / _cSergio Coronado Delgado, Javier Lautaro Medina, Luis Alejandro Delgado, [ y otros 2] |
| 260 |
_aBogotá : _bCinep, _c2011 |
||
| 300 |
_a60 páginas : _bilustraciones a blanco y negro ; _c22 cm. |
||
| 490 | 0 | _aDocumentos Dhesc | |
| 504 | _aBibliografía : páginas 58-60 | ||
| 505 | 0 | _aLa vivienda es un derecho fundamental -- Vivienda adecuada -- Marco normativo del derecho a la vivienda adecuada -- La política pública de vivienda en Colombia | |
| 650 | 1 | 4 |
_aVivienda _xlegislación _zColombia _99983 |
| 650 | 1 | 4 |
_aPreguntas y respuestas _xderecho a la vivienda _zColombia _99984 |
| 700 | 1 |
_aLautaro Medina, Javier, _eautor _99985 |
|
| 700 | 1 |
_aDelgado, Luis Alejandro, _eautor _99986 |
|
| 942 |
_2ddc _cBK |
||
| 999 |
_c4635 _d4635 |
||